000 01259nam0a2200301 4500
001 RU\NLR\bibl\602628
005 20260406061338.0
010 _a5-352-00891-6
_95000
021 _aRU
_b2004-72174
_93558
035 _a(NLR Aleph) 000594560
090 _a1734416
_c1734416
100 _a20050127d2004 |||y0rusy50 ca
101 1 _arus
_cchi
102 _aRU
105 _aa |||||||||
200 1 _aДело лис-оборотней
_e[Роман]
_fХольм ван Зайчик
_g[Пер. с кит. Е.И. Худенькова, Э. Выхристюк
_gХудож. Антон Ломаев]
210 _aСПб.
_cАзбука-классика
_d2004
215 _a315,[2] с.
_cил.
_d18
311 _aПлохих людей нет (евразийская симфония): Цикл романов
488 0 _12001#$aПлохих людей нет (евразийская симфония)
_tПлохих людей нет (евразийская симфония)
686 _aШ6(2=Р)75-446
700 1 _4070
_7ca
_8rus
_aЗайчик
_bХ. ван
_gХольм ван
_9121323
_3RU\NLR\auth\7711581
801 0 _aRU
_bNLR
_c20050127
_gPSBO
801 1 _aRU
_bNLR
_c20050127
942 _cBOOK
980 _aNB